000 00727nam a2200277Ia 4500
005 20260324122218.0
008 008 260324s9999 xx 000 0 eng d
020 _a9780429099557
037 _aEBOOK
040 _aCRL
040 _beng
040 _cCRL
041 _2eng
041 _aeng
084 _qCRL
100 _aHossein Ghanadzadeh Gilani; Reza Khodaparast Haghi; Katia Ghanadzadeh Samper
_91165562
245 0 _aAdvanced Process Control and Simulation for Chemical Engineers
260 _bTaylor and Francis
260 _c2013
365 _a
365 _b250
856 _uhttp://www.taylorfrancis.com/books/9780429099557
942 _cEBOOK
999 _c1758119
_d1758119